| 000 | 01295nam a2200277Ia 4500 | ||
|---|---|---|---|
| 001 | trueadventureson00powe | ||
| 003 | CaSfIA | ||
| 005 | 20210119104225.0 | ||
| 007 | cr|||| | ||
| 008 | 070212s1954 nyua 000 1 eng d | ||
| 010 | _a 54008298 | ||
| 040 |
_aCUV _cCUV _dCaSfIA |
||
| 035 | _a(OCoLC)82950956 | ||
| 090 |
_aPS3531.O9685 _bT78 1954b |
||
| 100 | 1 | _aPowers, Alfred. | |
| 245 | 1 | 0 |
_aTrue adventures on westward trails / _h[electronic resource] _cby Alfred Powers ; illustrated by Lorence F. Bjorklund. |
| 260 |
_aNew York : _bGrossset & Dunlap, _cc1954. |
||
| 300 |
_a216 p. : _bill. ; _c20 cm. |
||
| 440 | 4 | _aThe True adventure library | |
| 500 | _a"By arrangement with Little, Brown and Company"--T.p. verso. | ||
| 856 | 4 | 1 |
_uhttp://www.archive.org/details/trueadventureson00powe _zFree eBook from the Internet Archive |
| 856 | 4 | 2 |
_uhttp://www.openlibrary.org/books/OL6154829M _zAdditional information and access via Open Library |
| 942 | _cEB | ||
| 506 | _fНеобхідна авторизація на https://archive.org/ (створення облікового запису безкоштовно) | ||
| 506 | _fНеобхідна авторизація на https://openlibrary.org/ (створення облікового запису безкоштовно) | ||
| 999 |
_c559723 _d559723 |
||